书目信息 |
| 题名: |
中国行业行为规范初探
|
|
| 作者: | 王运声 主编 | |
| 分册: | ||
| 出版信息: | 北京 法律出版社 2014 |
|
| 页数: | 240页 | |
| 开本: | 23cm | |
| 丛书名: | ||
| 单 册: | ||
| 中图分类: | D922.104 | |
| 科图分类: | ||
| 主题词: | 行业管理--行为规范--研究--中国 | |
| 电子资源: | ||
| ISBN: | 978-7-5118-6046-0 | |
| 000 | 00923nam0 2200241 450 | |
| 001 | 523 | |
| 005 | 20140908080853.64 | |
| 010 | @a978-7-5118-6046-0@dCNY40.00 | |
| 100 | @a20140626d2014 em y0chiy50 ea | |
| 101 | 0 | @achi |
| 102 | @aCN@b110000 | |
| 105 | @ay z 000yy | |
| 106 | @ar | |
| 200 | 1 | @a中国行业行为规范初探@AZhong Guo Xing Ye Xing Wei Gui Fan Chu Tan@f王运声[主编]@FWang Yun Sheng [ Zhu Bian ] |
| 210 | @a北京@c法律出版社@d2014 | |
| 215 | @a240页@d23cm | |
| 300 | @a中国行为法学会2011年部级课题 | |
| 330 | @a本书主要内容包括:社会管理创新中的行业行为规范研究、行业行为规范的内涵与适用、行业行为规范的历史沿革与现状分析、行业行为规范法制化构建、法律服务行业行为规范法制化分析、新闻传媒行业行为规范法制化分析等。 | |
| 606 | 0 | @a行业管理@x行为规范@x研究@y中国 |
| 690 | @aD922.104@v5 | |
| 701 | 0 | @a王运声@AWang Yun Sheng@4主编 |
| 801 | 0 | @aCN@bTANGWEI@c20140603 |
| 905 | @b0840794-96@dD922.104@e1072@f3 | |
| 中国行业行为规范初探/王运声[主编].-北京:法律出版社,2014 |
| 240页;23cm |
| 中国行为法学会2011年部级课题 |
| ISBN 978-7-5118-6046-0:CNY40.00 |
| 本书主要内容包括:社会管理创新中的行业行为规范研究、行业行为规范的内涵与适用、行业行为规范的历史沿革与现状分析、行业行为规范法制化构建、法律服务行业行为规范法制化分析、新闻传媒行业行为规范法制化分析等。 |
| ● |
| 相关链接 |
|
|
|
|
正题名:中国行业行为规范初探
索取号:D922.104/1072
 
预约/预借
| 序号 | 登录号 | 条形码 | 馆藏地/架位号 | 状态 | 备注 |
| 1 | 0840794 | 208407945 | 第一样本阅览室/ [索取号:D922.104/1072] | 在馆 | |
| 2 | 0840795 | 208407954 | 密集书库-海洋学院/ [索取号:D922.104/1072] | 在馆 | |
| 3 | 0840796 | 208407963 | 第一借阅区/ [索取号:D922.104/1072] | 在馆 |